Spisovateľ Iegor Gran zasadil mimovládnym organizáciám úder ...

Bibliographic Details
Other Authors: Komorovská, Vladimíra, 1961- (Translator)
Format: Article
Language:Slovak
French
ISSN:1335-7786
Subjects:

MARC

LEADER 00000nab a2200000 a 4500
001 vtls008300610
003 SK-MaSNL
005 20260304145714.0
008 250505c2005 xo mr|p|||||||000 b|slo
015 |a SNBRB2005/10  |2 snkbucl 
035 |a (uuid)6886bb8c-d8c8-4ab9-a19a-446c36a43711 
035 |a urn:nbn:sk:snk-abesby 
035 |a (urnnbn)urn:nbn:sk:snk:ar-000892 
038 |a SNKBUCL 
040 |a SNKBUCL  |b slo  |c SNKBUCL  |e AACR2 
041 1 |a slo  |h fre 
044 |a xo  |c SK 
080 |a 82:929:821.133.1  |2 1997 
080 |a 821.133.1:929  |2 1997 
245 0 0 |a Spisovateľ Iegor Gran zasadil mimovládnym organizáciám úder ...  |c preložila Vladimíra Komorovská 
600 1 7 |a Gran, Iegor  |d 1965-  |2 snkbucl  |9 1464642 
655 7 |a články z odboru literárna veda a krásna literatúra  |2 snkbucl  |9 770045 
700 1 |a Komorovská, Vladimíra,  |d 1961-  |4 trl  |9 226198 
773 0 |t Slovenské pohľady  |g Roč. IV+121, č. 7-8 (2005), s. 61-63  |x 1335-7786 
850 |a Slovenská národná knižnica 
852 |a Slovenská národná knižnica 
958 |a article27 
958 |a FR 
958 |a LX 
958 |a OND 
958 |a EUIPO 
999 |c 2936521  |d 2938451